Konfessionsrituale im Marxismus-Leninismus
| 1. VerfasserIn: | |
|---|---|
| Medienart: | Druck Buch |
| Sprache: | Deutsch |
| Veröffentlicht: |
Graz Wien Köln
Verlag Styria
1985
|
| In: |
Herkunft und Zukunft (Bd. 7)
Jahr: 1985 |
| Online-Zugang: |
Inhaltsverzeichnis Inhaltsverzeichnis |
| Verfügbarkeit prüfen: | HBZ Gateway |
| Subito Bestelldienst: | Jetzt bestellen. |
| Schlagwörter: |
MARC
| LEADER | 00000cam a2200000 c 4500 | ||
|---|---|---|---|
| 001 | 271893168 | ||
| 003 | DE-627 | ||
| 005 | 20260206201654.0 | ||
| 007 | tu | ||
| 008 | 850101s1985 au ||||| 00| ||ger c | ||
| 015 | |a 86,A22,1435 |2 dnb | ||
| 016 | 7 | |a 850460832 |2 DE-101 | |
| 020 | |a 3222116016 |9 3-222-11601-6 | ||
| 035 | |a (DE-627)271893168 | ||
| 035 | |a (DE-603)004381580 | ||
| 035 | |a (DE-576)010087958 | ||
| 035 | |a (DE-599)GBV271893168 | ||
| 035 | |a (OCoLC)230827459 | ||
| 035 | |a (OCoLC)14131092 | ||
| 035 | |a (OCoLC)14131092 | ||
| 035 | |a (DE-604)8004608836 | ||
| 035 | |a (AT-OBV)AC00278856 | ||
| 040 | |a DE-627 |b ger |c DE-627 |e rakwb | ||
| 041 | |a ger | ||
| 044 | |c XA-AT |c XA-AT |c XA-DE-NW | ||
| 082 | 0 | |a 335.43 | |
| 084 | |a 63 |a 14 |a 19 |2 sdnb | ||
| 084 | |a 1 |2 ssgn | ||
| 084 | |a 3,6 |2 ssgn | ||
| 084 | |a MC 8112 |2 rvk |0 (DE-625)rvk/122438:11647 | ||
| 084 | |a BL 4690 |2 rvk |0 (DE-625)rvk/12142: | ||
| 084 | |a MC 8300 |2 rvk |0 (DE-625)rvk/122452: | ||
| 084 | |a 89.15 |2 bkl | ||
| 100 | 1 | |a Riegel, Klaus-Georg |d 1943- |e Verf. |0 (DE-588)1163024171 |0 (DE-627)1027269478 |0 (DE-576)507744853 |4 aut | |
| 109 | |a Riegel, Klaus-Georg 1943- | ||
| 245 | 1 | 0 | |a Konfessionsrituale im Marxismus-Leninismus |c Klaus-Georg Riegel |
| 264 | 1 | |a Graz |a Wien |a Köln |b Verlag Styria |c 1985 | |
| 300 | |a 248 S. |c 20,5 cm | ||
| 336 | |a Text |b txt |2 rdacontent | ||
| 337 | |a ohne Hilfsmittel zu benutzen |b n |2 rdamedia | ||
| 338 | |a Band |b nc |2 rdacarrier | ||
| 490 | 1 | |a Herkunft und Zukunft |v Bd. 7 | |
| 500 | |a Literatur- u. Quellenverz. S. 222 - 245 | ||
| 583 | 1 | |a Archivierung/Langzeitarchivierung gewährleistet |f SLG |x XA-DE-BW |z BfZ |2 pdager |5 DE-24 | |
| 583 | 1 | |a Massenentsäuert |c 2011 |2 pdager |5 DE-18 | |
| 583 | 1 | |a Archivierung/Langzeitarchivierung gewährleistet |f SSG |x XA-DE-BW |2 pdager |5 DE-21 | |
| 648 | 7 | |a Geschichte |2 gnd | |
| 648 | 7 | |a Geschichte 1936-1938 |2 gnd | |
| 689 | 0 | 0 | |d b |0 (DE-588)4564-0 |0 (DE-627)100125476 |0 (DE-576)190164638 |a Zhong guo gong chan dang |2 gnd |
| 689 | 0 | 1 | |d s |0 (DE-588)4027082-8 |0 (DE-627)106286129 |0 (DE-576)20896911X |a Innerparteiliche Opposition |2 gnd |
| 689 | 0 | 2 | |d s |0 (DE-588)4121656-8 |0 (DE-627)105767972 |0 (DE-576)209545089 |a Selbstkritik |2 gnd |
| 689 | 0 | 3 | |a z |2 gnd |a Geschichte |
| 689 | 0 | |5 DE-101 | |
| 689 | 1 | 0 | |d b |0 (DE-588)2016004-5 |0 (DE-627)10188611X |0 (DE-576)191699373 |a Kommunističeskaja Partija Sovetskogo Sojuza |2 gnd |
| 689 | 1 | 1 | |d s |0 (DE-588)4027082-8 |0 (DE-627)106286129 |0 (DE-576)20896911X |a Innerparteiliche Opposition |2 gnd |
| 689 | 1 | 2 | |d s |0 (DE-588)4121656-8 |0 (DE-627)105767972 |0 (DE-576)209545089 |a Selbstkritik |2 gnd |
| 689 | 1 | 3 | |a z |2 gnd |a Geschichte 1936-1938 |
| 689 | 1 | |5 DE-101 | |
| 689 | 2 | 0 | |d s |0 (DE-588)4037765-9 |0 (DE-627)104313072 |0 (DE-576)209026553 |a Marxismus-Leninismus |2 gnd |
| 689 | 2 | 1 | |d s |0 (DE-588)4050164-4 |0 (DE-627)106183532 |0 (DE-576)209085878 |a Ritual |2 gnd |
| 689 | 2 | |5 (DE-627) | |
| 689 | 3 | 0 | |d s |0 (DE-588)4121656-8 |0 (DE-627)105767972 |0 (DE-576)209545089 |a Selbstkritik |2 gnd |
| 689 | 3 | 1 | |d s |0 (DE-588)4037765-9 |0 (DE-627)104313072 |0 (DE-576)209026553 |a Marxismus-Leninismus |2 gnd |
| 689 | 3 | |5 (DE-627) | |
| 689 | 4 | 0 | |d s |0 (DE-588)4037765-9 |0 (DE-627)104313072 |0 (DE-576)209026553 |a Marxismus-Leninismus |2 gnd |
| 689 | 4 | |5 (DE-627) | |
| 830 | 0 | |a Herkunft und Zukunft |v Bd. 7 |9 7 |w (DE-627)130658197 |w (DE-576)008919356 |w (DE-600)847125-3 |7 am | |
| 856 | 4 | 2 | |u https://digitale-objekte.hbz-nrw.de/storage/2008/10/17/file_2/2609328.pdf |m V:DE-605 |m X:migimw |q application/pdf |v 2025-07-00 |3 Inhaltsverzeichnis |7 1 |
| 856 | 4 | 2 | |u http://scans.hebis.de/HEBCGI/show.pl?00438158_toc.pdf |m V:DE-605 |q application/pdf |3 Inhaltsverzeichnis |7 1 |
| 889 | |w (DE-627)023526629 | ||
| 935 | |a mteo | ||
| 935 | |i mdedup | ||
| 935 | |i Blocktest | ||
| 935 | |h HEB |i 0501 | ||
| 935 | |h HEB |i 0503 | ||
| 936 | r | v | |a MC 8112 |b Sekundärliteratur |k Politologie |k Geschichte der politischen Philosophie und der Ideologien |k Marxismus |k Allgemeines |k Marx, Karl |k Sekundärliteratur |0 (DE-627)1271550245 |0 (DE-625)rvk/122438:11647 |0 (DE-576)201550245 |
| 936 | r | v | |a BL 4690 |b Marxismus-Leninismus |k Theologie und Religionswissenschaften |k Christliche Gesellschaftslehre |k Sozialtheorien und Sozialsysteme |k Dialektischer Materialismus , BF 8100 (systematisch), CC 7910 ff, MC 8100 ff) |k Marxismus-Leninismus |0 (DE-627)1270727184 |0 (DE-625)rvk/12142: |0 (DE-576)200727184 |
| 936 | r | v | |a MC 8300 |b Allgemeines |k Politologie |k Geschichte der politischen Philosophie und der Ideologien |k Kommunismus |k Allgemeines |0 (DE-627)1270993658 |0 (DE-625)rvk/122452: |0 (DE-576)200993658 |
| 936 | b | k | |a 89.15 |j Kommunismus |x Politologie |0 (DE-627)106418025 |
| 936 | s | n | |a b100 |2 mzub |
| 936 | s | n | |a m100 |2 mzub |
| 936 | s | n | |a q100 |2 mzub |
| 936 | s | n | |a n100 |2 mzub |
| 936 | s | n | |a m200 |2 mzub |
| 936 | s | n | |a p100 |2 mzub |
| 951 | |a BO | ||
| ELC | |b 1 | ||
| LOK | |0 000 xxxxxcx a22 zn 4500 | ||
| LOK | |0 001 321067051X | ||
| LOK | |0 003 DE-627 | ||
| LOK | |0 004 271893168 | ||
| LOK | |0 005 20240321092748 | ||
| LOK | |0 008 150223||||||||||||||||ger||||||| | ||
| LOK | |0 040 |a DE-21-110 |c DE-627 |d DE-21-110 | ||
| LOK | |0 689 |a s |a Schauprozesse | ||
| LOK | |0 689 |a s |a Konfessionsrituale | ||
| LOK | |0 852 |z Kein Bestand am IfK; Nachweis für KrimDok | ||
| LOK | |0 852 |a DE-21-110 | ||
| LOK | |0 852 1 |m v |9 00 | ||
| LOK | |0 935 |a k110 | ||
| LOK | |0 938 |k v | ||
| LOK | |0 939 |a 23-02-15 |b l01 | ||
| ORI | |a SA-MARC-krimdoka001.raw | ||
| TIM | |a 100019360101_100019381231 |b Geschichte 1936-1938 | ||
